000 00564cam a22001932 4500
001 0000008364
005 20151217160116.0
008 080315s xx 000 0 eng d
020 _a0521399483 :
_cKES 750
040 _aKABU
_cKABU
100 1 _aCook, Helen.
_@0000158922
245 1 0 _aBananas in the pyjamas /
_cselected by Helen Cook and Morag Styles.
260 _aCambridge :
_bC. U. P.,
_c1991.
300 _a32 p.
700 1 _aStyles, Morag.
_@0000158923
908 _a080315
950 _@1
999 _c14388
_d14388